| 000 | 00660cam a2200217 a 4500 | ||
|---|---|---|---|
| 001 | 000010079 | ||
| 005 | 20200929161831.0 | ||
| 008 | 780210s1977 sp 001 p spa | ||
| 020 | _a8432503436 | ||
| 040 |
_aDO-SdBNP _cDLC _dDLC |
||
| 082 |
_aCh861.44 _bA117m |
||
| 100 | 1 |
_aAbalos, Carmen, _d1921- _925059 |
|
| 245 | 1 | 4 |
_aLas manos libres / _cCarmen Abalos. |
| 260 |
_aMadrid : _bDoncel, _c1977. |
||
| 300 |
_a110 p. ; _c18 cm. |
||
| 490 | 1 |
_aEl Libro de Bolsillo Doncel _vno. 112 |
|
| 650 | 4 |
_aPoesÃa chilena _99166 |
|
| 650 | 4 |
_aLiteratura chilena _93164 |
|
| 830 | 0 |
_aEl Libro de Bolsillo Doncel ; _vno. 112 _98628 |
|
| 910 | _aCatalogación por copia / LC | ||
| 999 |
_c9838 _d9838 |
||